Zápisky z Rosewoodu. Princezna v utajení /
Románový debut mladé anglické autorky, filmové teoretičky a blogerky, je první knihou z volné série Zápisky z Rosewoodu, která vypráví osudy dvou čtrnáctiletých naprosto odlišných dívek.
Uloženo v:
| Série: | Zápisky z Rosewoodu,
část 1 |
|---|---|
| Hlavní autor: | |
| Další autoři: | |
| Médium: | E-kniha |
| Jazyk: | Czech |
| Vydáno: |
Praha :
Fragment,
2018
|
| Vydání: | 1. vydání |
| Témata: | |
| Příbuzné jednotky: | Z cyklu::
Zápisky z Rosewoodu |
| Tagy: |
Žádné tagy |
| LEADER | 02739nam a2200481 i 4500 | ||
|---|---|---|---|
| 001 | 310906 | ||
| 003 | CZ PrSKC | ||
| 005 | 20260601215656.0 | ||
| 007 | ta | ||
| 008 | 180511s2018 xr c 000 f cze | ||
| 015 | |a cnb002996477 | ||
| 020 | |a 9788025336670 |q (vázáno) | ||
| 035 | |a (OCoLC)1048454744 | ||
| 040 | |a OLA001 |b cze |d ABA001 |d OLA001 |e rda | ||
| 041 | 1 | |a cze |h eng | |
| 072 | 7 | |a 821.111-3 |x Anglická próza, anglicky psaná |2 Konspekt | |
| 072 | 7 | |a 821-93 |x Literatura pro děti a mládež (beletrie) |2 Konspekt | |
| 080 | |a 821.111-31 |2 MRF | ||
| 080 | |a 821-93 |2 MRF | ||
| 080 | |a (0:82-31) |2 MRF | ||
| 100 | 1 | |a Glynn, Connie, |d 1994- |7 osa2018995499 |4 aut | |
| 240 | 1 | 0 | |a Undercover princess. |l Česky |
| 245 | 1 | 0 | |a Zápisky z Rosewoodu. |p Princezna v utajení / |c Connie Glynnová ; z anglického originálu Rosewood chronicles - Undercover princess přeložila Pavla Kubešová |
| 246 | 3 | 0 | |a Princezna v utajení |
| 250 | |a 1. vydání | ||
| 264 | 1 | |a Praha : |b Fragment, |c 2018 | |
| 300 | |a 331 stran ; |c 22 cm | ||
| 336 | |a text |b txt |2 rdacontent | ||
| 337 | |a bez média |b n |2 rdamedia | ||
| 338 | |a svazek |b nc |2 rdacarrier | ||
| 520 | 2 | |a Románový debut mladé anglické autorky, filmové teoretičky a blogerky, je první knihou z volné série Zápisky z Rosewoodu, která vypráví osudy dvou čtrnáctiletých naprosto odlišných dívek. |b Která holka by se nechtěla stát alespoň na chvíli princeznou? Lottie Pumpkinová o takovém životě snila už mnohokrát. Když se náhodou v internátní škole Rosewood Hall seznámí s Ellií Wolfovou, opravdovou princeznou, zdá se, že splnit si sen nebude až tolik složité. Ellie totiž touží po opaku - být úplně obyčejnou holkou. Stačí si jen vyměnit role a je to! Lottie se tak náhle ocitá v nablýskaném světě aristokratů, který je však plný intrik a tajností. Nakladatelská anotace. | |
| 655 | 7 | |a anglické romány |7 fd131814 |2 czenas | |
| 655 | 7 | |a publikace pro mládež |7 fd133157 |2 czenas | |
| 655 | 9 | |a English fiction |2 eczenas | |
| 655 | 9 | |a juvenile literature |2 eczenas | |
| 700 | 1 | |a Kubešová, Pavla, |d 1969- |7 xx0039531 |4 trl | |
| 787 | 0 | 8 | |i Z cyklu: |t Zápisky z Rosewoodu |g 1 |
| 900 | |a ABA001 |b 21 | ||
| 928 | 9 | |a Albatros Media - Fragment | |
| 044 | |a xr | ||
| 910 | |a RBIT002 | ||
| 998 | |d 178500 |a https://core.palmknihy.cz/api/books/178500/cover?tfv9tw |b https://core.palmknihy.cz/api/books/178500/cover/400?tfv9tw |c https://core.palmknihy.cz/api/books/178500/cover/50?tfv9tw |e 2027-09-19 |g 336 |i 9788025336670 |j https://core.palmknihy.cz/api/books/178500/preview.epub |k https://core.palmknihy.cz/api/books/178500/preview.pdf |l |q 49 |r 1 |s https://www.palmknihy.cz/kniha/178500 |t ebook |y 2018 |z 0 |v Zápisky z Rosewoodu |w 1 | ||
| 999 | |d 310904 | ||